HBR's 10 Must Reads 2021 <The> Definitive Management Ideas of the Year from Harvard Business Review

Saved in:
Bibliographic Details
Format: Book
Language:English
Published: Boston Harvard Business Review Press 2021
Subjects:
Tags: Add Tag
No Tags, Be the first to tag this record!

MARC

LEADER 00000nam a2200000 4500
001 0269795
005 20240221111330.0
020 |a 978-1-64782-003-9 
020 |a 978-1-64782-004-6 
041 0 |a eng 
044 |a US 
245 1 0 |a HBR's 10 Must Reads 2021  |b <The> Definitive Management Ideas of the Year from Harvard Business Review 
264 1 |a Boston  |b Harvard Business Review Press  |c 2021 
300 |a 222 s. 
610 2 0 |a podnikanie 
610 2 0 |a vodcovstvo 
610 2 0 |a pracovisko 
610 2 0 |a výhody konkurenčné 
610 2 0 |a kariéra 
610 2 0 |a inteligencia umelá 
610 2 0 |a podnebie